000 00740cab a2200241 4500
001 ABS42793
008 090401t1990 xxu||||| |||| 00| 0 eng d
035 _a(Sirsi) u38840
041 _aeng
100 _aPlimmer, F.
245 _aCommunity charge: the hidden costs for developers
260 _c1990
350 _a0
490 _aEstates Gazette
_v(9021) 26 May 1990, 30-61(2)
520 _aExamines how the standard community charge will affect developers and the implications this could have on future housing development s. References.
650 _aCOMMUNITY CHARGE
650 _aHOUSE BUILDING
650 _aNEW HOUSING
690 _aRATING AND VALUATION
700 _aBailey, C.
942 _n0
948 _c04/03/1997
999 _c24918
_d24918